Online
Catalog

Las masoras del libro de números : (Record no. 43366)

MARC details
000 -CABECERA
campo de control de longitud fija 00738nam a2200181 a 4500
001 - NÚMERO DE CONTROL
campo de control 000043877
005 - FECHA Y HORA DE LA ÚLTIMA TRANSACCIÓN
campo de control 20201002045024.0
008 - DATOS DE LONGITUD FIJA--INFORMACIÓN GENERAL
campo de control de longitud fija 140508s2001 sp 000 0 spa d
020 ## - NÚMERO INTERNACIONAL ESTÁNDAR DEL LIBRO
Número Internacional Estándar del Libro 8400079426
040 ## - FUENTE DE LA CATALOGACIÓN
Centro catalogador/agencia de origen DO-SdBNP
Lengua de catalogación spa
Centro/agencia transcriptor BNPHU
082 ## - NÚMERO DE LA CLASIFICACIÓN DECIMAL DEWEY
Número de clasificación xxxx
Número de documento/Ítem xxxx
100 1# - ENTRADA PRINCIPAL--NOMBRE DE PERSONA
Nombre de persona Azcárraga Servert, María Josefa de
9 (RLIN) 65569
245 14 - MENCIÓN DE TÍTULO
Título Las masoras del libro de números :
Resto del título códice M1 de la Universidad Complutense de Madrid /
Mención de responsabilidad, etc. María Josefa de Azcárraga Servent.
260 ## - PUBLICACIÓN, DISTRIBUCIÓN, ETC.
Lugar de publicación, distribución, etc. Madrid :
Nombre del editor, distribuidor, etc. Instituto de Filología del CSIC,
-- Departamento de Filología Bíblica y de Oriente Antiguo,
Fecha de publicación, distribución, etc. 2001.
300 ## - DESCRIPCIÓN FÍSICA
Extensión 265 p. ;
Dimensiones 27 cm.
490 1# - MENCIÓN DE SERIE
Mención de serie Textos y estudios "Cardenal Cisneros"
Designación de volumen o secuencia 66
830 #0 - PUNTO DE ACCESO ADICIONAL DE SERIE-TÍTULO UNIFORME
Título uniforme Textos y estudios "Cardenal Cisneros" ;
Número de parte o sección de la obra 66
9 (RLIN) 71759
Holdings
Estado de retiro Estado de pérdida Restricciones de uso No para préstamo Código de colección Localización permanente Ubicación/localización actual Ubicación en estantería Fecha de adquisición Número de inventario Total de préstamos Signatura topográfica completa Código de barras Fecha visto por última vez Precio válido a partir de Tipo de ítem Koha
      Excluido de préstamo Monografías: Libros y Folletos General General En catalogación 08.05.2014 LF1   xxxx xxxx 43877-10 25.06.2020 25.06.2020 No se presta

Powered by Koha